000 00786nam a2200265Ia 4500
005 20260302114329.0
008 008 260114s9999 xx 000 0 eng d
020 _a9781350040618
037 _aTextbook
040 _aCRL
040 _beng
040 _cCRL
041 _2eng
041 _aeng
084 _qCRL
100 _aVladislav A. Lektorsky and Marina F. Bykova
_91118458
245 0 _aPhilosophical Thought in Russia in the Second Half of the Twentieth Century A Contemporary View from Russia and Abroad
260 _bBloomsbury
260 _bBloomsbury Academic
260 _c2019
650 _aPhilosophy
856 _uhttps://dx.doi.org/10.5040/9781350040618?locatt=label:secondary_bloomsburyCollections
942 _cEBOOK
999 _c1682160
_d1682160